Представление документа в формате MARC21

Поле Инд. ПП Название Значение
Тип записи a
Библиографический уровень b
001 Контрольный номер 59a32e477b8d4c25a8d885124d3b770e
005 Дата корректировки 20251121165800.2
008 Кодируемые данные 20140826
040 b Код языка каталог. rus
e Правила каталог. PSBO
041 0_ a Код языка текста rus
084 a Индекс другой классификации/Индекс ББК 88.352
100 1_ a Автор Рыбакова Н. А.
q Полное имя Рыбакова Надежда Алексеевна
245 10 a Заглавие Самоактуализация преподавателя в контексте личностно-деятельностного подхода
500 a Примечание Электронная версия статьи: https://doi.org/10.30853/pedagogy.2018.4.15
504 a Библиография Лит. в конце статьи
650 04 a Основная рубрика психология; психология личности
653 1_ a Ключевые слова высшее учебное заведение (вуз)
a Ключевые слова индивидуально-личностный потенциал
a Ключевые слова коммуникативные компетенции
a Ключевые слова личностно-деятельностный подход
a Ключевые слова личность преподавателя
a Ключевые слова методика обучения
a Ключевые слова образовательный процесс
a Ключевые слова педагогическая деятельность
a Ключевые слова преподавательская деятельность
a Ключевые слова Россия
a Ключевые слова самоактуализация
a Ключевые слова самоактуализация личности
a Ключевые слова самоорганизация
a Ключевые слова университеты
a Ключевые слова эффективность обучения
773 08 t Заглавие источника Педагогика. Вопросы теории и практики
d Дата издания источника 2018
g Прочая информация № 4. - С. 68 - 73
w Контрольный № источника DU/602701126
901 t Тип документа b